Normal view
MARC view
- NC Muhammad Adil GC Salman Azmat GC Shahram Afgun
Entry Personal Name
001 - CONTROL NUMBER
- control field: 71257
003 - CONTROL NUMBER IDENTIFIER
- control field: NUST
005 - DATE AND TIME OF LATEST TRANSACTION
- control field: 20210628204620.0
008 - FIXED-LENGTH DATA ELEMENTS
- fixed length control field: 210628|| aca||aabn | a|a d
040 ## - CATALOGING SOURCE
- Original cataloging agency: NUST
- Transcribing agency: NUST
100 ## - HEADING--PERSONAL NAME
- Personal name: NC Muhammad Adil GC Salman Azmat GC Shahram Afgun
670 ## - SOURCE DATA FOUND
- Source citation: Work cat.: (NUST): NC Muhammad Adil GC Salman Azmat GC Shahram Afgun, PR-SOF-1751-Modification in Firing Mechanism & Control Hardware of Target Engagement UGV , 2018
